Регионална библиотека "Любен Каравелов" - Русе

Афоризми за житейската мъдрост (Запис номер 23222)

MARC детайли
000 -Лидер
Контролно поле с фиксирана дължина 01387nam a2200325 c 4500
003 - Код на организацията, давaща контролен номер
Контролно поле BLK
005 - Дата и час на последна редакция
Контролно поле 20180420215832.0
008 - Елементи от данни с фиксирана дължина
fixed length control field 180413b bul|||||r ||||||| ||bul||
010 ## - Наследен системен номер
LC control number KNG00025696000
020 ## - Международен стандартен номер на книга ISBN
Международен стандартен номер на книга ISBN 954-474-144-5
-- издат.: Кибеа
040 ## - Източник на каталожния запис
Идентификатор на билиотеката - собственик на записа BLK
041 ## - Код за език
Код за езика на текст/звукозапис или на отделно заглавие Немски
Код за езика КДБФ Български
080 ## - УДК
Текстов определител УДК Обща история на философията
УДК код - определител по УДК 101(091)
УДК определител (430)
УДК - код + определител 101(091)(430)
100 1# - Редна дума - Автор
Автор Шопенхауер, Артур
Авторска отговорност първи автор
R(LIN) 143913
139 ## - Редно поле
Редна дума Шопенхауер, Артур
Авторски знак Шоп - Ш 84
245 10 - Сведения за заглавието
Заглавие Афоризми за житейската мъдрост
Редно поле (дума) Артур Шопенхауер; прев. от нем. Красимира Михайлова.
257 ## - Страна на издаване
Страна на създаване/издаване Германия
260 ## - Област на издателските данни
-- София
Име на издателя, разпространителя и проч. Кибеа
Година на издаване 1998
300 ## - Физическа характеристика
Страници 272 с.
Размери/Мащаб 21 см
380 ## - Жанр
Жанр Философия
490 1# - СЕРИИ (Колекции)
Име на серия Познай себе си
500 ## - Общи забележки
Забележка Ориг. загл. Aphorismen zur Lebensweishrit / Arthur Schopenhauer Именен показалец 1. изд. 1991 [деп. 1992] на изд. Св. Климент Охридски в Библ. Класическо наследство ; N 1
653 ## - Ключова дума – ненормативна
Ключова дума афоризми
700 1# - Други автори (авторска отговорност)
Лично име Михайлова, Красимира
Автороска отговорност (Описва отношението между автора и произведението) прев. от нем.
9 (RLIN) 244020
852 ## - Местоположение
Форматна сигнатура Цб 198823
856 4# - Електронен адрес и достъп
Електронен формат pdf - файл
Път до файла /url/
856 4# - Електронен адрес и достъп
Електронен формат pdf - файл
Път до файла /url/
942 ## - АРТИКУЛИ
Вид на библиотечния материал Книги
Скрит в OPAC Не
944 ## - СЪЗДАВАНЕ И РЕДАКЦИЯ на ЗАПИСА
Създаване/Редакция Създаване
Дата на регистрацията/редакция 15.01.2003
Служител, извършил регистрацията/редакцията AB_DOS
944 ## - СЪЗДАВАНЕ И РЕДАКЦИЯ на ЗАПИСА
Създаване/Редакция Редакция
Дата на регистрацията/редакция 22.12.2016
Служител, извършил регистрацията/редакцията Сечил_Томаш
999 ## - СИСТЕМНИ КОНТРОЛНИ НОМЕРА
Koha biblionumber 23222
Koha biblioitemnumber 23222
Наличности
Код за отписване Код за изгубен артикул Източник на класификационната схема Код за повреда Коз за рестрикции Код за отдаване Артикулен № Име на библиотеката - собственик Име на библиотеката, в която се намира в момента Статус (Текущо местоположение) Дата на вписване в системата Местоположение - отдел Цена в лева Инвентарен номер Систематично азбучна сигнатура Баркод Номер на екземпляра Цена в евро Служебен тип на артикула
  Не е изгубен Universal Decimal Classification Не е повреден без рестрикции ползва се в читалня 38340 Регионална библиотека "Любен Каравелов" Русе Регионална библиотека "Любен Каравелов" Русе Хранилище 2001-01-01 Хранилище 0.00 645597 Цб 198823 120000645597 1 0.00 Книги
Изтеглен Не е изгубен Universal Decimal Classification Не е повреден без рестрикции заемане за дома 38341 Регионална библиотека "Любен Каравелов" Русе Регионална библиотека "Любен Каравелов" Русе Заемна - подръчен фонд 2001-01-01 Заемна - подръчен фонд 0.00 644383 П 101(091)/Ш 84 644383 2 0.00 Книги
Vip Innovations Ltd, Rousse, Bulgaria 2025